000 00514nam a2200193Ia 4500
003 GCL
008 140319s9999 xx 000 0 ara d
040 _aGCL /
_cGCL
082 0 4 _a200.1
_bك ا
100 1 _aمحمد السباعى
245 1 0 _aالابطال /
_cمحمد السباعى
700 1 _aكارلايل، توماس
300 _a216 ص
490 _aكتاب
_v0
650 0 4 _aالملوك والحكام
650 0 4 _aالقادة
650 0 4 _aالرجال - تراجم
942 _2ddc
_cBK
999 _c42059
_d42059